Visión de visiones del desarrollo de los Llanos Orientales : (Registro nro. 18284)

Detalles MARC
000 -CABECERA
Campo de control 01271nam a2200277 u 4500
005 - FECHA Y HORA DE LA ULTIMA TRANSACCION
Campo de control 20160413171919.0
008 - ELEMENTOS DE LONGITUD FIJA—INFORMACION GENERAL
Campo de control 160413s2016 ck ad fr|||| 00| 0 spa d
020 ## - ISBN
ISBN 9789588927152
040 ## - FUENTE DE CATALOGACIÓN
Agencia catalogadora original CO-BoIAVH
Agencia transcriptora CO-BoIAVH
041 0# - IDIOMA
Código de idioma para texto/pista de sonido o título separado Español
044 ## - PAÍS DE PUBLICACIÓN
País de publicación Colombia
082 04 - NUMERO DE CLASIFICACION DECIMAL DEWEY
Número de clasificación 333.72
Número del ítem B45v
100 1# - ASIENTO PRINCIPAL--NOMBRE PERSONAL
Nombre personal Benavides Ladino, Gustavo Fidel
9 (RLIN) 65329
245 10 - MENCION DE TITULO
Título Visión de visiones del desarrollo de los Llanos Orientales :
Parte restante del título Las voces de los territorios /
Mención de responsabilidad Gustavo Fidel Benavides Ladino, Marco Aurelio Torres Mora y Sandra Liliana Parada Guevara
260 ## - PUBLICACION, DISTRIBUCION, ETC. (PIE DE IMPRENTA)
Lugar de publicación, distribución, etc. Bogotá :
Nombre del editor, distribuidor, etc. Universidad de los Llanos :
-- Ecopetrol,
Fecha de publicación, distribución, etc. 2016.
300 ## - DESCRIPCION FISICA
Extensión 252 páginas :
Otros detalles físicos ilustraciones a color, tablas y gráficas a color ;
Dimensiones 28 x 22 centímetros
504 ## - NOTA DE BIBLIOGRAFIA, ETC.
Nota de bibliografía Incluye referencias bibliográficas.
650 #6 - ASIENTO SECUNDARIO DE MATERIA - TERMINO TEMATICO
Término temático o nombre geográfico como elemento de entrada Desarrollo sostenible
Subdivisión geográfica Orinoquia (Región, Colombia)
9 (RLIN) 65330
650 #4 - ASIENTO SECUNDARIO DE MATERIA - TERMINO TEMATICO
Término temático o nombre geográfico como elemento de entrada Territorialidad
Subdivisión geográfica Orinoquia (Región, Colombia)
9 (RLIN) 65331
650 #6 - ASIENTO SECUNDARIO DE MATERIA - TERMINO TEMATICO
Término temático o nombre geográfico como elemento de entrada Biodiversidad
Subdivisión geográfica Orinoquia (Región, Colombia)
9 (RLIN) 65332
650 #6 - ASIENTO SECUNDARIO DE MATERIA - TERMINO TEMATICO
Término temático o nombre geográfico como elemento de entrada Hidrobiología
Subdivisión general política
Subdivisión geográfica Orinoquia (Región, Colombia)
9 (RLIN) 65333
662 ## - ASIENTO SECUNDARIO DE MATERIA - JERARQUIA DEL NOMBRE DE LUGAR(
País o entidad mayor Colombia
Jurisdicción política de primer orden Orinoquia (Región)
Jurisdicción política intermedia Cuenca del Orinoco
700 1# - ASIENTO SECUNDARIO - NOMBRE PERSONAL
Nombre personal Torres-Mora, Marco Aurelio
Término de relación autor
9 (RLIN) 63366
700 1# - ASIENTO SECUNDARIO - NOMBRE PERSONAL
Nombre personal Parada-Guevara, Sandra Liliana
Término de relación autora
9 (RLIN) 63400
942 ## - ELEMENTOS ADICIONALES (KOHA)
Sistema de clasificación Dewey Decimal Classification
Tipo de ítem Libro
Existencias
Withdrawn status Lost status Sistema de Clasificación Damaged status No para préstamo Colección Inventariado Ubicación Permanente Ubicación actual Fecha de adquisición Fuente de Valor Valor Total Checkouts Número topográfico Inventario / Código de Barras Date last seen Ejemplar Price effective from Forma de adquisición Tipo de material
    Dewey Decimal Classification     General Inventariado 2017 Bogotá Bogotá 13/04/2016 Instituto 39000.00   LB-333.72 B45v 039944 13/04/2016 Ej. 1 13/04/2016   Libro
    Dewey Decimal Classification     General   Bogotá Bogotá 27/12/2017 Donación Viviana Guzmán     LB-333.72 B45v 043174 27/12/2017 Ej. 4 27/12/2017 Donación Libro
    Dewey Decimal Classification     General Inventariado 2017 Sala Fabio Quevedo Sala Fabio Quevedo 18/08/2016 Instituto 39000.00   LB-333.72 B45v 040599 18/08/2016 Ej. 1 18/08/2016 Donación Libro